| 000 | 01048nam0a22002651 4500 | ||
|---|---|---|---|
| 001 | rc\2698989 | ||
| 005 | 20250623165440.0 | ||
| 035 | _a(NLR Aleph) 006827130 | ||
| 090 |
_a6505543 _c6505543 |
||
| 100 | _a20110915d1934 |||y0rusy50 ca | ||
| 101 | 0 | _arus | |
| 102 | _aRU | ||
| 105 | _ay z ||||| | ||
| 200 | 1 |
_aМетодические разработки по химии для 6 и 7 гг. обучения _fСост.: М. А. Афанасьев и И. Я. Крамп _gЛенингр. обл. отд. нар. образ. Педагог. секция |
|
| 210 |
_a[Ленинград] _cОблполитпросветцентр _d1934 _gтип. "Сов. печатник" |
||
| 215 |
_aОбл., 37, [2] с. _d18х13 см. |
||
| 700 | 1 |
_aАфанасьев _bМ.А. |
|
| 701 | 1 |
_aКрамп _bИ.Я. |
|
| 712 | 0 | 2 | _aЛенинградская обл. естеств.-науч.-педагог. станция |
| 801 | 0 |
_aRU _bNLR _gpsbo |
|
| 801 | 1 |
_aRU _bELAR _2rusmarc |
|
| 852 |
_aNLR _j34-9/3818 |
||
| 942 | _cBOOK | ||
| 980 | _aNB | ||